|
|
|
|
| LEADER |
01429nam a2200289 a 4500 |
| 001 |
3623649 |
| 008 |
100923r20021975njua b 001 0 eng d |
| 010 |
|
|
|a 74017280
|
| 020 |
|
|
|a 8120305329
|
| 020 |
|
|
|a 0132146355
|
| 040 |
|
|
|a DLC
|c DLC
|d DLC
|d DB-DhAAL
|
| 082 |
0 |
0 |
|a 621.3819/58/2
|2 22
|
| 100 |
1 |
|
|a Oppenheim, Alan V.,
|d 1937-
|
| 245 |
1 |
0 |
|a Digital signal processing /
|c Alan V. Oppenheim, Ronald W. Schafer.
|
| 260 |
|
|
|a Englewood Cliffs, N.J. ;
|a New Delhi :
|b Prentice-Hall,
|c c1975 [reprinted 2002]
|
| 300 |
|
|
|a xiv, 585 p. :
|b illus. ;
|c 24 cm.
|
| 504 |
|
|
|a Includes bibliographical references and index.
|
| 541 |
1 |
|
|e 00012278
|
| 650 |
|
0 |
|a Signal theory (Telecommunication)
|
| 650 |
|
0 |
|a Digital electronics.
|
| 700 |
1 |
|
|a Schafer, Ronald W.,
|d 1938-
|e joint author.
|
| 852 |
4 |
|
|a Ayesha Abed Library
|j General Shelf.
|
| 942 |
0 |
0 |
|0 1
|
| 999 |
|
|
|c 9635
|d 9635
|
| 952 |
|
|
|0 0
|1 0
|2 ddc
|4 0
|6 621_381958200000000_OPP
|7 0
|9 12257
|a BRACUL
|b BRACUL
|c GEN
|d 2010-10-05
|l 4
|m 51
|o 621.3819582 OPP
|p 3010012278
|r 2023-03-06
|s 2022-08-21
|t 1
|w 2010-10-05
|y BK
|x Price not available in Register
|
| 952 |
|
|
|0 0
|1 0
|2 ddc
|4 0
|6 621_381958200000000_OPP_2002
|7 0
|9 13167
|a BRACUL
|b BRACUL
|c GEN
|d 2010-11-07
|l 3
|m 45
|o 621.3819582 OPP
|p 3010010522
|r 2025-02-17
|s 2025-02-11
|t 2
|w 2010-11-07
|y BK
|
| 952 |
|
|
|0 0
|1 0
|2 ddc
|4 0
|6 621_381958200000000_OPP_2002
|7 0
|9 13168
|a BRACUL
|b BRACUL
|c GEN
|d 2010-11-07
|l 6
|m 33
|o 621.3819582 OPP
|p 3010010521
|r 2025-11-11
|s 2025-10-20
|t 3
|w 2010-11-07
|y BK
|